[Event "5. Bamberg Open A"]
[Site "Bamberg"]
[Date "2023.07.29"]
[Round "6"]
[Board "5"]
[White "Stork, Oliver"]
[Black "Mohylnyi, Stepan"]
[Result "1/2-1/2"]
[WhiteElo "2327"]
[BlackElo "2013"]
[PlyCount "75"]
[EventDate "2023.07.26"]
[EventRounds "7"]
[EventCountry "GER"]

1. e4 e6 2. d4 d5 3. e5 c5 4. c3 Nc6 5. Nf3 Qb6 6. Bd3 cxd4 7. O-O Bd7 8. Re1 dxc3
9. Nxc3 Nge7 10. Na4 Qc7 11. Bd2 Ng6 12. Rc1 Be7 13. Nc5 O-O 14. b4 Bxc5 15. Rxc5
b6 16. Rc3 Qb7 17. Ng5 Nce7 18. Qh5 h6 19. Nxf7 Rxf7 20. Bxg6 Nxg6 21. Qxg6 Kf8 22.
Qh7 Rc8 23. b5 Rxc3 24. Qh8+ Ke7 25. Bxc3 Bxb5 26. Qg8 Be8 27. Bb4+ Kd8 28. h4 Qc6
29. Bd2 Qc2 30. Rc1 Qf5 31. Be3 Kd7 32. a4 Qxe5 33. a5 bxa5 34. Rc8 Re7 35. Ra8 d4
36. Rxa7+ Kd8 37. Ra8+ Kd7 38. Ra7+  1/2-1/2

[Event "5. Bamberg Open A"]
[Site "Bamberg"]
[Date "2023.07.29"]
[Round "6"]
[Board "6"]
[White "Roehr, Oliver"]
[Black "Burdalev, Kirill"]
[Result "0-1"]
[WhiteElo "2139"]
[BlackElo "2363"]
[PlyCount "48"]
[EventDate "2023.07.26"]
[EventRounds "7"]
[EventCountry "GER"]

1. Nf3 d5 2. e3 Nf6 3. c4 c6 4. Nc3 e6 5. d4 Nbd7 6. Be2 Bd6 7. O-O dxc4 8. Bxc4
b5 9. Bd3 O-O 10. b3 a6 11. Bb2 c5 12. a4 b4 13. Ne4 Nxe4 14. Bxe4 Ra7 15. Qc2 f5
16. Bd3 Rc7 17. d5 exd5 18. Rfd1 Nb8 19. Bc4 dxc4 20. Qxc4+ Kh8 21. Rxd6 Qxd6 22.
Be5 Qd8 23. Qf4 Rd7 24. Qh6 Rf6  0-1

[Event "5. Bamberg Open A"]
[Site "Bamberg"]
[Date "2023.07.29"]
[Round "6"]
[Board "7"]
[White "Honisch, Alexander"]
[Black "Kolb, Tobias"]
[Result "1/2-1/2"]
[WhiteElo "2040"]
[BlackElo "2325"]
[PlyCount "80"]
[EventDate "2023.07.26"]
[EventRounds "7"]
[EventCountry "GER"]

1. e4 c6 2. d4 d5 3. Nc3 dxe4 4. Nxe4 Nf6 5. Nxf6+ exf6 6. c3 Bd6 7. Bd3 O-O 8. Qc2
Re8+ 9. Ne2 h5 10. Be3 Nd7 11. O-O-O Nf8 12. Kb1 Be6 13. c4 Rc8 14. a3 b5 15. c5
Bb8 16. Nc3 Qd7 17. d5 Bxd5 18. Bxb5 cxb5 19. Nxd5 Qg4 20. h3 Qg6 21. Qxg6 Nxg6 22.
Rc1 Ne5 23. Rhd1 Kf8 24. b3 Red8 25. Nc3 a6 26. a4 bxa4 27. Nxa4 Ke8 28. Kc2 Rxd1
29. Rxd1 Rd8 30. Rxd8+ Kxd8 31. Kc3 Kc7 32. Nb6 Kc6 33. Nc4 Bc7 34. Nxe5+ fxe5 35.
Kc4 f5 36. b4 Bd8 37. f3 Bh4 38. Bd2 g6 39. Bc3 Bg3 40. Bb2 Bf4  1/2-1/2

[Event "5. Bamberg Open A"]
[Site "Bamberg"]
[Date "2023.07.29"]
[Round "6"]
[Board "8"]
[White "Martin Fernandez, Rodrigo"]
[Black "Chassard, Cedric"]
[Result "0-1"]
[WhiteElo "2096"]
[BlackElo "2326"]
[PlyCount "70"]
[EventDate "2023.07.26"]
[EventRounds "7"]
[EventCountry "GER"]

1. d4 Nf6 2. c4 e6 3. Nc3 Bb4 4. e3 O-O 5. Nge2 c6 6. Qc2 d5 7. a3 Bd6 8. Ng3 e5
9. dxe5 Bxe5 10. Bd3 Nbd7 11. O-O h5 12. cxd5 cxd5 13. f4 Bc7 14. Nf5 Nc5 15. Nd4
Nxd3 16. Qxd3 Re8 17. Bd2 Bd7 18. Rae1 Bb6 19. Kh1 Rc8 20. Nf3 Bc6 21. Ne2 h4 22.
Ned4 Ne4 23. Kg1 Qf6 24. Ne5 h3 25. g4 Bc7 26. g5 Qd8 27. Nexc6 bxc6 28. Re2 Qd7
29. b4 Bb6 30. Kh1 Qg4 31. Nf3 Nxd2 32. Qxd2 Bxe3 33. Qe1 Re4 34. Qh4 Qxh4 35. Nxh4
Rxf4  0-1

[Event "5. Bamberg Open A"]
[Site "Bamberg"]
[Date "2023.07.29"]
[Round "6"]
[Board "9"]
[White "Chandler, Patrick"]
[Black "Tschernatsch, Johannes"]
[Result "0-1"]
[WhiteElo "2110"]
[BlackElo "2303"]
[PlyCount "56"]
[EventDate "2023.07.26"]
[EventRounds "7"]
[EventCountry "GER"]

1. b4 e5 2. Bb2 Bxb4 3. Bxe5 Nf6 4. Nf3 O-O 5. e3 d5 6. a3 Ba5 7. Be2 c5 8. Bc3 Nc6
9. Bxa5 Qxa5 10. O-O d4 11. d3 dxe3 12. fxe3 Ng4 13. Qc1 Re8 14. e4 c4 15. h3 Qc5+
16. Kh1 cxd3 17. cxd3 Nf2+ 18. Kh2 Nxd3 19. Bxd3 Qd6+ 20. Kh1 Qxd3 21. Nc3 Be6 22.
Ng5 Bc4 23. Rf3 Qd6 24. e5 Qxe5 25. Nce4 Bd5 26. Rf4 Nd4 27. Nf6+ gxf6 28. Nxh7 Nf5
 0-1

[Event "5. Bamberg Open A"]
[Site "Bamberg"]
[Date "2023.07.29"]
[Round "6"]
[Board "10"]
[White "Braun, Michael"]
[Black "Haack, Kevin"]
[Result "0-1"]
[WhiteElo "2071"]
[BlackElo "2296"]
[PlyCount "46"]
[EventDate "2023.07.26"]
[EventRounds "7"]
[EventCountry "GER"]

1. d4 d5 2. c4 e6 3. g3 Nf6 4. Bg2 dxc4 5. Nf3 Bb4+ 6. Bd2 a5 7. O-O O-O 8. Qc2 Bxd2
9. Nbxd2 b5 10. a4 c6 11. e3 Nd5 12. Rfc1 Na6 13. h4 Nab4 14. Qb1 Nd3 15. Rf1 Rb8
16. Qc2 Ba6 17. Rfb1 f6 18. b3 N5b4 19. Qc3 Nd5 20. Qc2 N3b4 21. Qe4 Re8 22. Qg4
c3 23. Nf1 bxa4  0-1

[Event "5. Bamberg Open A"]
[Site "Bamberg"]
[Date "2023.07.29"]
[Round "6"]
[Board "11"]
[White "Derichs, Roger"]
[Black "Woithe, Daniel"]
[Result "1-0"]
[WhiteElo "2286"]
[BlackElo "2106"]
[PlyCount "85"]
[EventDate "2023.07.26"]
[EventRounds "7"]
[EventCountry "GER"]

1. d4 d5 2. c4 c6 3. cxd5 cxd5 4. Bf4 Nf6 5. Nc3 Nc6 6. e3 a6 7. Be2 Ne4 8. f3 Nxc3
9. bxc3 g6 10. Bd3 Bg7 11. Ne2 O-O 12. O-O e5 13. Bg3 Re8 14. Bf2 Be6 15. Qd2 Qd7
16. Rfc1 b5 17. a4 Na5 18. Qb2 exd4 19. Nxd4 Nc4 20. Bxc4 bxc4 21. Qd2 Rac8 22. a5
Bf5 23. Bg3 Bd3 24. Re1 Be5 25. Kf2 Bxg3+ 26. hxg3 Rb8 27. Ra2 Rb7 28. Rb2 Reb8 29.
Rxb7 Qxb7 30. Ra1 Qb2 31. Qxb2 Rxb2+ 32. Kg1 Kf8 33. Nc6 Rb3 34. Nb4 Rxc3 35. Nxa6
Rb3 36. Nc5 Ke7 37. a6 Rb8 38. a7 Ra8 39. Nxd3 cxd3 40. Kf2 Kd6 41. Ke1 Kc5 42. Kd2
Kc4 43. Rc1+  1-0

[Event "5. Bamberg Open A"]
[Site "Bamberg"]
[Date "2023.07.29"]
[Round "6"]
[Board "12"]
[White "Udelnov, Valentin"]
[Black "Albert, Markus"]
[Result "0-1"]
[WhiteElo "1841"]
[BlackElo "2256"]
[PlyCount "78"]
[EventDate "2023.07.26"]
[EventRounds "7"]
[EventCountry "GER"]

1. e4 Nc6 2. d4 e5 3. d5 Nce7 4. Nc3 Ng6 5. Nf3 Bc5 6. Bg5 Nf6 7. Qd2 a6 8. Bd3 d6
9. O-O-O b5 10. Nh4 h6 11. Nxg6 fxg6 12. Be3 Bxe3 13. Qxe3 O-O 14. h3 Bd7 15. Ne2
Rc8 16. f4 Qe7 17. g4 c5 18. dxc6 Bxc6 19. Rhe1 Rfe8 20. g5 hxg5 21. fxg5 Nh5 22.
Kb1 Rf8 23. Rf1 Qb7 24. c3 Kh7 25. Bc2 Rxf1 26. Rxf1 b4 27. cxb4 Qxb4 28. Rd1 a5
29. a3 Qb8 30. Bb3 Qb7 31. Bd5 Rb8 32. Qc3 Bxd5 33. Rxd5 Nf4 34. Nxf4 exf4 35. Qd4
f3 36. Qf2 Rf8 37. Ka1 Qc6 38. Rd4 Qc5 39. h4 Qxd4  0-1

[Event "5. Bamberg Open A"]
[Site "Bamberg"]
[Date "2023.07.29"]
[Round "6"]
[Board "13"]
[White "Pribyl, Josef"]
[Black "Zimm, Justus"]
[Result "1-0"]
[WhiteElo "2230"]
[BlackElo "2065"]
[PlyCount "59"]
[EventDate "2023.07.26"]
[EventRounds "7"]
[EventCountry "GER"]

1. d4 Nf6 2. Nf3 g6 3. Nc3 d5 4. Bf4 Bg7 5. e3 Bf5 6. h3 Ne4 7. g4 Nxc3 8. bxc3 Be4
9. Rb1 Qc8 10. Rg1 h6 11. Nd2 g5 12. Nxe4 gxf4 13. Nd2 fxe3 14. fxe3 c5 15. Bg2 cxd4
16. cxd4 e6 17. c4 O-O 18. cxd5 exd5 19. Bxd5 Nc6 20. Qf3 Qc7 21. g5 Qe7 22. gxh6
Qh4+ 23. Kd1 Qxh6 24. Rxb7 Nd8 25. Re7 Rb8 26. Re5 Ne6 27. Rh5 Nxd4 28. exd4 Rb1+
29. Nxb1 Qb6 30. Qe4  1-0

[Event "5. Bamberg Open A"]
[Site "Bamberg"]
[Date "2023.07.29"]
[Round "6"]
[Board "14"]
[White "Lechermann, Markus"]
[Black "Heidrich, Manfred"]
[Result "1/2-1/2"]
[WhiteElo "2099"]
[BlackElo "2332"]
[PlyCount "143"]
[EventDate "2023.07.26"]
[EventRounds "7"]
[EventCountry "GER"]

1. d4 f5 2. g3 Nf6 3. Bg2 g6 4. Nf3 Bg7 5. c4 d6 6. Nc3 O-O 7. O-O Qe8 8. d5 Bd7
9. Qb3 Qc8 10. Nd4 Na6 11. e3 Nc5 12. Qc2 e5 13. dxe6 Nxe6 14. Nxe6 Bxe6 15. b3 c6
16. Ba3 Qc7 17. Rac1 Rad8 18. Rfd1 Rf7 19. Ne2 Rfd7 20. Bb2 Bf7 21. Nf4 Qb8 22. h4
a5 23. h5 Nxh5 24. Nxh5 Bxb2 25. Qxb2 gxh5 26. Qf6 Bg6 27. Bf3 Rf8 28. Qe6+ Rff7
29. c5 d5 30. Bxd5 cxd5 31. Rxd5 Rxd5 32. Qxd5 Qe8 33. c6 bxc6 34. Rxc6 Qe4 35. Rc8+
Kg7 36. Qxa5 h4 37. Rc4 Qb1+ 38. Kg2 h3+ 39. Kh2 Qa1 40. Qc3+ Qxc3 41. Rxc3 Rd7 42.
Kxh3 Rd2 43. f4 Bh5 44. Kh4 Bg4 45. Rc7+ Kf6 46. Rc6+ Kf7 47. Kg5 Re2 48. Rc7+ Ke6
49. Rxh7 Rxe3 50. Rh6+ Kd5 51. Kh4 Re2 52. Ra6 Rh2+ 53. Kg5 Rh3 54. a4 Rxg3 55. Rb6
Bd1+ 56. Kf6 Bxb3 57. Rb5+ Kd4 58. Kxf5 Kc4 59. Ra5 Kb4 60. Rb5+ Kxa4 61. Rb8 Ka3
62. Kf6 Bc2 63. Rb5 Ka4 64. Rc5 Bd3 65. f5 Kb4 66. Re5 Kc4 67. Ke7 Kd4 68. Ra5 Re3+
69. Kf7 Bc4+ 70. Kg7 Rg3+ 71. Kh6 Bd3 72. Kh5  1/2-1/2

[Event "5. Bamberg Open A"]
[Site "Bamberg"]
[Date "2023.07.29"]
[Round "6"]
[Board "15"]
[White "Muschik, Benedikt"]
[Black "Bratu, Mircea"]
[Result "1/2-1/2"]
[WhiteElo "2284"]
[BlackElo "1891"]
[PlyCount "73"]
[EventDate "2023.07.26"]
[EventRounds "7"]
[EventCountry "GER"]

1. d4 Nf6 2. Nf3 g6 3. Nc3 d5 4. Bf4 Bg7 5. e3 O-O 6. Be2 c5 7. Ne5 Nc6 8. Qd2 Qb6
9. Na4 Qb4 10. Nxc5 Qxb2 11. O-O Qa3 12. Rfb1 Qa5 13. c3 Nxe5 14. Bxe5 b6 15. Bxf6
Bxf6 16. Rb5 Qa3 17. Rb3 Qa5 18. Nd3 Ba6 19. Nf4 e6 20. Qb2 Be7 21. a4 Bxe2 22. Nxe2
Qa6 23. Rb5 Qc8 24. a5 bxa5 25. Rbxa5 Qc7 26. Qa2 Rfb8 27. g3 Rb7 28. Ra6 Bd8 29.
h4 h5 30. Kg2 Kg7 31. Qa4 Qd7 32. Qa2 Bb6 33. c4 dxc4 34. Qxc4 Rc8 35. Qd3 Rbc7 36.
Qe4 Qc6 37. Qxc6  1/2-1/2

[Event "5. Bamberg Open A"]
[Site "Bamberg"]
[Date "2023.07.30"]
[Round "7"]
[Board "1"]
[White "Foerster, Jonas"]
[Black "Moehn, Hans"]
[Result "1/2-1/2"]
[WhiteElo "2262"]
[BlackElo "2382"]
[PlyCount "27"]
[EventDate "2023.07.26"]
[EventRounds "7"]
[EventCountry "GER"]

1. Nf3 Nf6 2. c4 g6 3. Nc3 Bg7 4. g3 O-O 5. Bg2 d6 6. O-O e5 7. d3 Re8 8. Ne1 c6
9. e4 Na6 10. Nc2 Nc7 11. Ne3 Nh5 12. Bf3 Nf6 13. Bg2 Nh5 14. Bf3  1/2-1/2

[Event "5. Bamberg Open A"]
[Site "Bamberg"]
[Date "2023.07.30"]
[Round "7"]
[Board "2"]
[White "Mazur, Stefan"]
[Black "Ronka, Erik"]
[Result "0-1"]
[WhiteElo "2467"]
[BlackElo "2294"]
[PlyCount "188"]
[EventDate "2023.07.26"]
[EventRounds "7"]
[EventCountry "GER"]

1. e4 e5 2. Nf3 Nc6 3. Nc3 Nf6 4. h3 d5 5. exd5 Nxd5 6. Bb5 Nxc3 7. bxc3 Bd6 8. d4
Bd7 9. O-O O-O 10. Rb1 exd4 11. cxd4 h6 12. Re1 Re8 13. Rxe8+ Qxe8 14. Be3 a6 15.
Bf1 b5 16. Qd2 Qe7 17. c4 bxc4 18. Bxc4 Qf6 19. Rc1 Ne7 20. Qd3 Be6 21. Qe4 Rb8 22.
Ne5 a5 23. f4 Qf5 24. Qxf5 Nxf5 25. d5 Bc8 26. Bf2 a4 27. Nd3 Ne7 28. Bd4 Bf5 29.
Nc5 Bxf4 30. Rf1 Rb4 31. Rxf4 Rxc4 32. Be3 Rxf4 33. Bxf4 Nxd5 34. Bc1 Nc3 35. Bb2
Nxa2 36. Nxa4 Nb4 37. Nc5 Nd5 38. Kf2 f6 39. g4 Bc8 40. Kf3 Kf7 41. h4 g5 42. hxg5
hxg5 43. Bd4 Ne7 44. Bc3 Kg6 45. Ba5 Nd5 46. Ke4 c6 47. Kf3 f5 48. gxf5+ Kxf5 49.
Be1 Ke5 50. Bg3+ Kf5 51. Bf2 g4+ 52. Ke2 Nf6 53. Ke3 Nh5 54. Ne4 Ke5 55. Be1 Be6
56. Ng3 Nxg3 57. Bxg3+ Kd5 58. Kd3 Bf5+ 59. Ke3 c5 60. Bh4 Kc4 61. Be7 Be6 62. Bd6
Kd5 63. Bg3 c4 64. Be1 Kc5 65. Ke4 Bd5+ 66. Kf4 Bf3 67. Ke5 Kb5 68. Kd4 Be2 69. Kc3
Kc5 70. Kd2 Bf1 71. Ke3 Kb5 72. Kd4 Bd3 73. Kc3 Kc5 74. Kd2 Kd4 75. Bh4 Ke4 76. Bf2
Kf3 77. Bd4 Kg2 78. Ke1 g3 79. Be5 Kh3 80. Bd4 g2 81. Bg1 c3 82. Kd1 Kg3 83. Ke1
Kf3 84. Bd4 Ke4 85. Bg1 c2 86. Kd2 Kf3 87. Bc5 Bf5 88. Bb6 Bd3 89. Bc5 Ke4 90. Bg1
Kd5 91. Bh2 Kc4 92. Kc1 Be4 93. Kd2 Kb3 94. Kc1 Kc3  0-1

[Event "5. Bamberg Open A"]
[Site "Bamberg"]
[Date "2023.07.30"]
[Round "7"]
[Board "3"]
[White "Burdalev, Kirill"]
[Black "Derichs, Roger"]
[Result "0-1"]
[WhiteElo "2363"]
[BlackElo "2286"]
[PlyCount "54"]
[EventDate "2023.07.26"]
[EventRounds "7"]
[EventCountry "GER"]

1. Nf3 d5 2. d4 e6 3. c4 c6 4. Qc2 dxc4 5. Qxc4 Nf6 6. g3 b5 7. Qc2 Bb7 8. a4 Nbd7
9. Be3 Rc8 10. Nc3 Qa5 11. Bd2 b4 12. Ne4 c5 13. Nxf6+ Nxf6 14. Rc1 c4 15. b3 cxb3
16. Qxb3 Rxc1+ 17. Bxc1 Bd5 18. Qd3 b3+ 19. Bd2 Qxa4 20. Qc3 Bd6 21. Bg2 Ne4 22.
Qa5 Qxa5 23. Bxa5 b2 24. O-O Ba2 25. Ne5 b1=Q 26. Rxb1 Bxb1 27. Nc4 Ke7  0-1

[Event "5. Bamberg Open A"]
[Site "Bamberg"]
[Date "2023.07.30"]
[Round "7"]
[Board "4"]
[White "Boder, Jan"]
[Black "Bournel, Antoine"]
[Result "1/2-1/2"]
[WhiteElo "2264"]
[BlackElo "2358"]
[PlyCount "52"]
[EventDate "2023.07.26"]
[EventRounds "7"]
[EventCountry "GER"]

1. c4 e5 2. g3 Nf6 3. Bg2 Bc5 4. Nc3 c6 5. e3 Bb6 6. d4 exd4 7. exd4 d5 8. cxd5 Nxd5
9. Nxd5 cxd5 10. Ne2 Nc6 11. O-O O-O 12. Qb3 Bg4 13. Qd3 Bxe2 14. Qxe2 Nxd4 15. Qh5
g6 16. Qxd5 Ne2+ 17. Kh1 Qxd5 18. Bxd5 Rad8 19. Bxb7 Nxc1 20. Raxc1 Rd2 21. Be4 Rfd8
22. Rc2 f5 23. Rxd2 Rxd2 24. Bc6 Rxb2 25. Bd5+ Kg7 26. f4 Rd2  1/2-1/2

[Event "5. Bamberg Open A"]
[Site "Bamberg"]
[Date "2023.07.30"]
[Round "7"]
[Board "5"]
[White "Chassard, Cedric"]
[Black "Albert, Markus"]
[Result "1/2-1/2"]
[WhiteElo "2326"]
[BlackElo "2256"]
[PlyCount "45"]
[EventDate "2023.07.26"]
[EventRounds "7"]
[EventCountry "GER"]

1. e4 e5 2. Nf3 Nc6 3. Bb5 Nf6 4. O-O Nxe4 5. Re1 Nd6 6. Nxe5 Be7 7. Bf1 Nxe5 8.
Rxe5 O-O 9. Nc3 Ne8 10. Nd5 Bd6 11. Re1 c6 12. Ne3 Bc7 13. Nf5 d5 14. Ne7+ Kh8 15.
Nxc8 Rxc8 16. Qf3 Nf6 17. d3 Qd6 18. g3 Rce8 19. Bf4 Qd7 20. Bd2 Bb6 21. h3 Rxe1
22. Rxe1 Re8 23. Rxe8+  1/2-1/2

[Event "5. Bamberg Open A"]
[Site "Bamberg"]
[Date "2023.07.30"]
[Round "7"]
[Board "6"]
[White "Boehme, Sebastian"]
[Black "Koepke, Christian"]
[Result "1/2-1/2"]
[WhiteElo "2215"]
[BlackElo "2313"]
[PlyCount "63"]
[EventDate "2023.07.26"]
[EventRounds "7"]
[EventCountry "GER"]

1. e4 c5 2. Nf3 Nf6 3. e5 Nd5 4. c3 d6 5. d4 cxd4 6. Bb5+ Bd7 7. Bxd7+ Qxd7 8. exd6
Qxd6 9. O-O Nc6 10. Nxd4 Rd8 11. Qa4 Nf6 12. Qb5 e5 13. Nxc6 bxc6 14. Qa6 Qc7 15.
Be3 Be7 16. a4 Rd7 17. Nd2 Nd5 18. Nc4 O-O 19. Qa5 Qb7 20. Nxe5 Nxe3 21. Nxd7 Nxf1
22. Nxf8 Nd2 23. Rd1 Nc4 24. Qf5 Kxf8 25. Qxh7 f6 26. Qh8+ Kf7 27. Qh5+ Kf8 28. b4
Ne5 29. Qh8+ Kf7 30. Qh5+ Kf8 31. Qh8+ Kf7 32. Qh5+  1/2-1/2

[Event "5. Bamberg Open A"]
[Site "Bamberg"]
[Date "2023.07.30"]
[Round "7"]
[Board "7"]
[White "Tschernatsch, Johannes"]
[Black "Pribyl, Josef"]
[Result "1-0"]
[WhiteElo "2303"]
[BlackElo "2230"]
[PlyCount "87"]
[EventDate "2023.07.26"]
[EventRounds "7"]
[EventCountry "GER"]

1. e4 d6 2. d4 Nf6 3. Nc3 e5 4. Nf3 Nbd7 5. Bc4 Be7 6. O-O O-O 7. h3 c6 8. a4 b6
9. Bg5 Bb7 10. Bxf6 Bxf6 11. d5 c5 12. a5 a6 13. axb6 Nxb6 14. Be2 g6 15. Nd2 Bg5
16. Na4 Nxa4 17. Rxa4 f5 18. Nb3 fxe4 19. Rxe4 Rf4 20. Rxf4 Bxf4 21. g3 Bh6 22. Bg4
a5 23. Be6+ Kh8 24. Nd2 Ba6 25. Re1 Rb8 26. b3 Qb6 27. Ne4 c4 28. bxc4 Bxc4 29. Qg4
Rf8 30. Qh4 Bg7 31. Qe7 Qb4 32. c3 Qb2 33. Qa7 Bd3 34. Nxd6 Qxc3 35. Nf7+ Kg8 36.
Nxe5+ Kh8 37. Nf7+ Kg8 38. Re3 Qa1+ 39. Kh2 Bf5 40. Rf3 Qb1 41. Ng5+ Kh8 42. Bxf5
Rxf5 43. Ne6 Bf8 44. Nxf8  1-0

[Event "5. Bamberg Open A"]
[Site "Bamberg"]
[Date "2023.07.30"]
[Round "7"]
[Board "8"]
[White "Mohylnyi, Stepan"]
[Black "Haack, Kevin"]
[Result "1-0"]
[WhiteElo "2013"]
[BlackElo "2296"]
[PlyCount "97"]
[EventDate "2023.07.26"]
[EventRounds "7"]
[EventCountry "GER"]

1. e4 c5 2. Nf3 d6 3. Bb5+ Nd7 4. d4 cxd4 5. Qxd4 a6 6. Bxd7+ Bxd7 7. O-O Nf6 8.
c4 g6 9. Nc3 Bg7 10. Qd3 O-O 11. Rb1 b5 12. b3 Rc8 13. cxb5 Rxc3 14. Qxc3 Nxe4 15.
Qb4 Nc3 16. Bb2 a5 17. Qh4 Nxb1 18. Bxg7 Kxg7 19. a4 Na3 20. Qd4+ Kg8 21. Rc1 Nxb5
22. axb5 Bxb5 23. h4 h5 24. Qa7 Re8 25. Rc7 Bd3 26. Qxa5 Qb8 27. Nd4 Be4 28. f3 Bd5
29. b4 e5 30. Nb5 Rd8 31. Na7 e4 32. fxe4 Bxe4 33. b5 Re8 34. b6 Qd8 35. Qg5 Qa8
36. Qf4 Bd5 37. Qf2 Qb8 38. Nc6 Re1+ 39. Kh2 Qe8 40. b7 Re2 41. Rc8 Rxf2 42. Rxe8+
Kg7 43. b8=Q Rxg2+ 44. Kh3 g5 45. Rg8+ Kh7 46. Rh8+ Kg6 47. Qg8+ Kf5 48. Ne7+ Kf4
49. Nxd5+  1-0

[Event "5. Bamberg Open A"]
[Site "Bamberg"]
[Date "2023.07.30"]
[Round "7"]
[Board "9"]
[White "Kolb, Tobias"]
[Black "Pitschka, Claus"]
[Result "1-0"]
[WhiteElo "2325"]
[BlackElo "2144"]
[PlyCount "81"]
[EventDate "2023.07.26"]
[EventRounds "7"]
[EventCountry "GER"]

1. d4 d6 2. Nf3 Bg4 3. c4 Nd7 4. h3 Bxf3 5. exf3 e5 6. f4 exd4 7. Qxd4 Ne7 8. Be2
Nc6 9. Qd1 Be7 10. Nc3 Bf6 11. Nd5 Bd4 12. O-O O-O 13. Rb1 a5 14. Bf3 Bc5 15. b3
Nd4 16. Bb2 Nxf3+ 17. Qxf3 c6 18. Ne3 Bxe3 19. Qxe3 Re8 20. Qg3 f6 21. Rbd1 Nc5 22.
f5 Ne4 23. Qf4 d5 24. cxd5 cxd5 25. f3 Ng5 26. Rf2 a4 27. Qb4 axb3 28. Qxb3 Qd6 29.
f4 Nf7 30. Rxd5 Qa6 31. a3 Kh8 32. Rd7 Nd6 33. Qd5 Ne4 34. Qf7 Rg8 35. Rc2 Ng3 36.
Qc4 Qb6+ 37. Qd4 Qxd4+ 38. Rxd4 Nxf5 39. Rd7 h5 40. Rc5 Nh6 41. Rxh5  1-0

[Event "5. Bamberg Open A"]
[Site "Bamberg"]
[Date "2023.07.30"]
[Round "7"]
[Board "10"]
[White "Becker, Tobias"]
[Black "Stork, Oliver"]
[Result "1-0"]
[WhiteElo "2111"]
[BlackElo "2327"]
[PlyCount "143"]
[EventDate "2023.07.26"]
[EventRounds "7"]
[EventCountry "GER"]

1. e4 c5 2. Nf3 d6 3. d4 cxd4 4. Nxd4 Nf6 5. Nc3 Nc6 6. Bg5 e6 7. Bb5 Bd7 8. Qd3
Be7 9. O-O-O O-O 10. Bxc6 bxc6 11. Nb3 Qb6 12. Bxf6 gxf6 13. Qg3+ Kh8 14. Rxd6 Rg8
15. Qd3 Bxd6 16. Qxd6 Rad8 17. Nc5 Bc8 18. Qe7 h6 19. Qxf6+ Kh7 20. Nd3 Rxg2 21.
Qf3 Rdg8 22. Ne2 R2g5 23. Ng3 Qa5 24. h4 Rxg3 25. fxg3 Qxa2 26. Qxf7+ Rg7 27. Qf3
Ba6 28. Rf1 Rd7 29. Qf8 Qa1+ 30. Kd2 Qa5+ 31. b4 Qh5 32. g4 Qxg4 33. Rf7+ Rxf7 34.
Qxf7+ Qg7 35. Qxe6 Bxd3 36. Kxd3 Qg3+ 37. Kc4 Qxh4 38. Qd7+ Kg6 39. Qxc6+ Qf6 40.
Kd5 Qxc6+ 41. Kxc6 h5 42. e5 Kf5 43. Kd6 h4 44. e6 h3 45. e7 h2 46. e8=Q h1=Q 47.
Qf7+ Kg4 48. Qe6+ Kg3 49. Qe3+ Kg4 50. Qd4+ Kg3 51. c4 Qb7 52. c5 Qb8+ 53. Kd5 Qg8+
54. Ke4 Qg6+ 55. Ke3 Qe6+ 56. Kd3 Kf3 57. Kc3 a6 58. Qd3+ Kf2 59. Qc4 Qc6 60. Qf4+
Ke2 61. Qd2+ Kf3 62. Qd6 Qa4 63. c6 Qa1+ 64. Kc4 Qc1+ 65. Kd5 Qc2 66. Ke6 Qg6+ 67.
Kd7 Qf7+ 68. Kc8 Qe8+ 69. Kb7 Qf7+ 70. c7 Ke4 71. Qc6+ Kd4 72. Ka8  1-0

[Event "5. Bamberg Open A"]
[Site "Bamberg"]
[Date "2023.07.30"]
[Round "7"]
[Board "11"]
[White "Gerber, Peter"]
[Black "Zwahr, Paul"]
[Result "0-1"]
[WhiteElo "2143"]
[BlackElo "2280"]
[PlyCount "56"]
[EventDate "2023.07.26"]
[EventRounds "7"]
[EventCountry "GER"]

1. e4 e5 2. Nf3 Nc6 3. Bb5 a6 4. Ba4 Nf6 5. O-O d6 6. c3 Bd7 7. Re1 g6 8. d4 Bg7
9. Nbd2 O-O 10. Nf1 exd4 11. cxd4 b5 12. Bc2 Bg4 13. Be3 Nh5 14. Bb3 Bxf3 15. gxf3
Na5 16. Bc2 Qf6 17. f4 Nxf4 18. Qg4 Ne6 19. d5 Qxb2 20. dxe6 Qxc2 21. e7 Rfc8 22.
Rad1 Qxa2 23. Rd5 Nc4 24. Bg5 c6 25. Rdd1 Ne5 26. Qg3 f6 27. Rxd6 fxg5 28. Red1 Nf7
 0-1

[Event "5. Bamberg Open A"]
[Site "Bamberg"]
[Date "2023.07.30"]
[Round "7"]
[Board "12"]
[White "Koehler, Lukas"]
[Black "Maurer, Jochen"]
[Result "0-1"]
[WhiteElo "2051"]
[BlackElo "2184"]
[PlyCount "62"]
[EventDate "2023.07.26"]
[EventRounds "7"]
[EventCountry "GER"]

1. e4 c5 2. Nf3 e6 3. d4 cxd4 4. Nxd4 a6 5. Bd3 Bc5 6. Nb3 Ba7 7. O-O Nc6 8. Qe2
Nge7 9. Be3 O-O 10. Bxa7 Rxa7 11. N1d2 b6 12. c3 Bb7 13. Rad1 Qc7 14. Nf3 Ng6 15.
Bc2 Nge5 16. Nxe5 Nxe5 17. Rd4 a5 18. Rfd1 a4 19. Nc1 a3 20. Bb3 axb2 21. Qxb2 Ng4
22. g3 Ne5 23. Kg2 f5 24. Bc2 fxe4 25. Bxe4 Ng4 26. R1d2 Bxe4+ 27. Rxe4 Qc6 28. f3
Ra5 29. Nb3 Qxe4 30. fxe4 Ne3+ 31. Kh3 Rh5#  0-1

[Event "5. Bamberg Open A"]
[Site "Bamberg"]
[Date "2023.07.30"]
[Round "7"]
[Board "13"]
[White "Heigermoser, Robert"]
[Black "Honisch, Alexander"]
[Result "1-0"]
[WhiteElo "2129"]
[BlackElo "2040"]
[PlyCount "53"]
[EventDate "2023.07.26"]
[EventRounds "7"]
[EventCountry "GER"]

1. e4 e5 2. Nf3 Nc6 3. Bb5 a6 4. Ba4 Nf6 5. d3 b5 6. Bb3 Bc5 7. Nc3 h6 8. Nd5 O-O
9. c3 d6 10. Nxf6+ Qxf6 11. Bd5 Bd7 12. Rg1 Rab8 13. g4 Qg6 14. g5 Qh5 15. gxh6 g6
16. Rg5 Qxh6 17. h4 Qh7 18. h5 Ne7 19. hxg6 Nxg6 20. d4 exd4 21. Nh4 Qxh4 22. Rxg6+
Kh7 23. Rh6+ Qxh6 24. Bxh6 Rg8 25. Qh5 Rg1+ 26. Kd2 dxc3+ 27. bxc3  1-0

[Event "5. Bamberg Open A"]
[Site "Bamberg"]
[Date "2023.07.30"]
[Round "7"]
[Board "14"]
[White "Heidrich, Manfred"]
[Black "Bunk, Wolfgang"]
[Result "1-0"]
[WhiteElo "2332"]
[BlackElo "1976"]
[PlyCount "59"]
[EventDate "2023.07.26"]
[EventRounds "7"]
[EventCountry "GER"]

1. f4 g6 2. Nf3 d5 3. g3 Bg7 4. Bg2 Nh6 5. Nc3 O-O 6. O-O c6 7. Qe1 Nd7 8. d3 d4
9. Nd1 Re8 10. e4 dxe3 11. Nxe3 e5 12. f5 gxf5 13. Nh4 f4 14. Nef5 Nf8 15. Nxg7 Kxg7
16. gxf4 Ng6 17. Nxg6 hxg6 18. fxe5 Ng4 19. Bf4 Bf5 20. Qc3 Re6 21. d4 Rc8 22. h3
Nh6 23. Qe3 Ng8 24. c3 Re8 25. Qg3 Qd7 26. Qh4 Qe6 27. Rf2 Rc7 28. Re1 Rd7 29. Bg5
Rc8 30. Be4  1-0

[Event "5. Bamberg Open A"]
[Site "Bamberg"]
[Date "2023.07.30"]
[Round "7"]
[Board "15"]
[White "Martin Fernandez, Rodrigo"]
[Black "Muschik, Benedikt"]
[Result "0-1"]
[WhiteElo "2096"]
[BlackElo "2284"]
[PlyCount "104"]
[EventDate "2023.07.26"]
[EventRounds "7"]
[EventCountry "GER"]

1. d4 g6 2. c4 Bg7 3. Nf3 d6 4. Nc3 Bg4 5. g3 Bxf3 6. exf3 c5 7. dxc5 Bxc3+ 8. bxc3
dxc5 9. Qb3 b6 10. Ba3 Nc6 11. Rd1 Qc7 12. Bh3 f5 13. O-O Nf6 14. Rfe1 Kf7 15. f4
Rad8 16. Rb1 Na5 17. Qb5 Ne4 18. Qa6 Nd6 19. Bf1 Rd7 20. Rbd1 Rhd8 21. Rd5 Qc8 22.
Qxc8 Nxc8 23. Red1 Ke8 24. Bg2 e6 25. Rxd7 Rxd7 26. Re1 Kf7 27. Bf1 Nd6 28. Rd1 Ke7
29. Bc1 Ndxc4 30. Re1 Kf6 31. Kg2 Rd5 32. Be2 Rd7 33. h3 Nd6 34. Rd1 Ke7 35. f3 Ndc4
36. Re1 Nd2 37. Bb5 Rd6 38. Re2 Ndc4 39. Kf2 Rd1 40. Rc2 Kd8 41. h4 Kc7 42. h5 gxh5
43. Kg2 Kd8 44. Kh3 Ke7 45. g4 hxg4+ 46. fxg4 fxg4+ 47. Kxg4 Kf6 48. Kf3 Kf5 49.
Be8 Rd3+ 50. Kf2 Nd6 51. Ke2 Rh3 52. Bd7 Nac4  0-1